000 00536nam a2200169 a 4500
020 _a0198596235
020 _a0198596243 (pbk.)
040 _cDLC
082 0 0 _a510 CLA 1980 A060 Or.
100 1 _aNewby, J. C.
245 1 0 _aMathematics for the biological sciences :
_bfrom graphs through calculus to differential equations /
260 _aOxford :
_bClarendon Press ;
_aNew York :
_bOxford University Press,
_c1980.
300 _axv, 319 p. :
_bill. ;
_c23 cm.
500 _aIncludes index.
650 0 _aBiomathematics.
942 _cEK
999 _c14338
_d14338